MARC

LEADER 00000nam0a2200000 4500
001 322477
005 20231102003458.0
035 |a (RuTPU)RU\TPU\book\348036 
090 |a 322477 
100 |a 20160928d1950 km y0rusy50 ca 
101 0 |a rus 
102 |a RU 
105 |a a z 000zy 
200 1 |a Тоннельная печь для обжига кирпича и черепицы  |f М. М. Наумов 
210 |a Москва  |c Промстройиздат  |d 1950 
215 |a 62 с.  |c ил. 
606 1 |a Кирпичеобжигательные печи,туннельные  |2 stltpush  |3 (RuTPU)RU\TPU\subj\35044  |9 56832 
610 1 |a тоннельные печи 
610 1 |a конструкция 
610 1 |a зоны 
610 1 |a обслуживание 
610 1 |a топливо 
610 1 |a расход 
610 1 |a кирпичи 
610 1 |a черепица 
610 1 |a обжиг 
675 |a 666.71.04  |v 4 
700 1 |a Наумов  |b М. М. 
801 1 |a RU  |b 63413507  |c 20160928 
801 2 |a RU  |b 63413507  |c 20200727  |g RCR 
942 |c BK